The English sentencing system / (Record no. 310)

MARC details
000 -LEADER
fixed length control field 00827cam a2200289 i 4500
001 - CONTROL NUMBER
control field 3639484
003 - CONTROL NUMBER IDENTIFIER
control field OSt
005 - DATE AND TIME OF LATEST TRANSACTION
control field 20150519103155.0
008 - FIXED-LENGTH DATA ELEMENTS--GENERAL INFORMATION
fixed length control field 750728s1975 enk b 001 0 eng
010 ## - LIBRARY OF CONGRESS CONTROL NUMBER
LC control number 75319890
015 ## - NATIONAL BIBLIOGRAPHY NUMBER
National bibliography number GB***
020 ## - INTERNATIONAL STANDARD BOOK NUMBER
International Standard Book Number 0406570124 :
Terms of availability £6.40.
International Standard Book Number 0406570132
040 ## - CATALOGING SOURCE
Original cataloging agency DLC
Transcribing agency DLC
Modifying agency DLC
043 ## - GEOGRAPHIC AREA CODE
Geographic area code e-uk---
050 00 - LIBRARY OF CONGRESS CALL NUMBER
Classification number KD8406
Item number .C76 1975
082 00 - DEWEY DECIMAL CLASSIFICATION NUMBER
Classification number 345.0772 CRO
100 1# - MAIN ENTRY--PERSONAL NAME
Personal name Cross, Rupert,
Titles and other words associated with a name Sir,
9 (RLIN) 929
245 14 - TITLE STATEMENT
Title The English sentencing system /
Statement of responsibility, etc Rupert Cross. _
250 ## - EDITION STATEMENT
Edition statement 2d ed. _
260 ## - PUBLICATION, DISTRIBUTION, ETC. (IMPRINT)
Place of publication, distribution, etc London :
Name of publisher, distributor, etc Butterworths,
Date of publication, distribution, etc 1975.
300 ## - PHYSICAL DESCRIPTION
Extent xvi, 213 p. ;
Dimensions 23 cm.
500 ## - GENERAL NOTE
General note Includes index.
504 ## - BIBLIOGRAPHY, ETC. NOTE
Bibliography, etc Bibliography: p. 202-203.
650 #0 - SUBJECT ADDED ENTRY--TOPICAL TERM
Topical term or geographic name as entry element Sentences (Criminal procedure)
Geographic subdivision Great Britain.
9 (RLIN) 930
906 ## - LOCAL DATA ELEMENT F, LDF (RLIN)
a 7
b cbc
c orignew
d 3
e ncip
f 19
g y-gencatlg
942 ## - ADDED ENTRY ELEMENTS (KOHA)
Source of classification or shelving scheme Dewey Decimal Classification
Koha item type Books
Holdings
Withdrawn status Lost status Source of classification or shelving scheme Damaged status Not for loan Home library Current library Shelving location Date acquired Total Checkouts Full call number Barcode Date last seen Price effective from Koha item type
    Dewey Decimal Classification     Law Development Centre Main Library Archives Text Books and Laws 04/12/2011   345.0772 CRO 2011/2738 04/12/2011 04/12/2011 Books